| 000 | 00542nam a22001817a 4500 | ||
|---|---|---|---|
| 999 |
_c179015 _d179015 |
||
| 005 | 20210512112627.0 | ||
| 010 | _aB-739914 | ||
| 020 |
_a9780143030126 _c1440.00 |
||
| 035 | _aB-739914 | ||
| 037 | _bGift | ||
| 082 | _a500.03 | ||
| 245 |
_aUltimate visual dictionary: _b21st century supplement |
||
| 260 |
_aLondon _bDorling Kindersley |
||
| 300 |
_a640p.: _bill. _c24cm(Hb) |
||
| 500 | _ainclude index | ||
| 942 |
_2ddc _cEN _h500.03 _mULT |
||